Regional policy and planning in Europe (Record no. 100131)

MARC details
000 -LEADER
fixed length control field 01129cam a2200301 4500
008 - FIXED-LENGTH DATA ELEMENTS--GENERAL INFORMATION
fixed length control field 000000n1999 000 0 eng u
020 ## - INTERNATIONAL STANDARD BOOK NUMBER
International Standard Book Number 0415160103
035 ## - SYSTEM CONTROL NUMBER
System control number (Sirsi) u103461
041 ## - LANGUAGE CODE
Language code of text/sound track or separate title eng
050 ## - LIBRARY OF CONGRESS CALL NUMBER
Classification number 711.3094
100 ## - MAIN ENTRY--PERSONAL NAME
Personal name Balchin, P.
245 ## - TITLE STATEMENT
Title Regional policy and planning in Europe
260 ## - PUBLICATION, DISTRIBUTION, ETC.
Place of publication, distribution, etc. London
Name of publisher, distributor, etc. Routledge
Date of publication, distribution, etc. 1999
300 ## - PHYSICAL DESCRIPTION
Extent xi,287p. : ill.,maps ; 24cm.
350 ## - PRICE (NR) (BK AM CF MU VM SE) [OBSOLETE]
Price 16.99
520 ## - SUMMARY, ETC.
Summary, etc. Presenting a comprehensive overview of the economic basis of integration, this text examines the evolution of various systems of government, planning and forms of devolution. Explores the differences between unitary states with centralised planning powers vested in the regions and questions whether similar constitutional developments will occur in the transition states of East Central Europe.
650 ## - SUBJECT ADDED ENTRY--TOPICAL TERM
Topical term or geographic name entry element PLANNING POLICY
650 ## - SUBJECT ADDED ENTRY--TOPICAL TERM
Topical term or geographic name entry element EUROPEAN UNION
650 ## - SUBJECT ADDED ENTRY--TOPICAL TERM
Topical term or geographic name entry element CZECH REPUBLIC
650 ## - SUBJECT ADDED ENTRY--TOPICAL TERM
Topical term or geographic name entry element HUNGARY
650 ## - SUBJECT ADDED ENTRY--TOPICAL TERM
Topical term or geographic name entry element POLAND
650 ## - SUBJECT ADDED ENTRY--TOPICAL TERM
Topical term or geographic name entry element SLOVAKIA
650 ## - SUBJECT ADDED ENTRY--TOPICAL TERM
Topical term or geographic name entry element REGIONAL POLICY
690 ## - LOCAL SUBJECT ADDED ENTRY--TOPICAL TERM (OCLC, RLIN)
Topical term or geographic name as entry element INTERNATIONAL-EUROPE
700 ## - ADDED ENTRY--PERSONAL NAME
Personal name Sykora, Ludek
700 ## - ADDED ENTRY--PERSONAL NAME
Personal name Bull, Gregory
942 ## - ADDED ENTRY ELEMENTS (KOHA)
Suppress in OPAC 0
Holdings
Withdrawn status Lost status Source of classification or shelving scheme Damaged status Not for loan Home library Current library Shelving location Date acquired Cost, normal purchase price Total Checkouts Full call number Barcode Date last seen Date last checked out Copy number Cost, replacement price Price effective from Koha item type
    Dewey Decimal Classification     London London Books 18/02/2000 14.44 5 711.3094 30060526 06/08/2019 08/10/2009 2 14.44 06/08/2019 Book